THE JUNGLE BOOK (Record no. 3553)
[ view plain ]
| 000 -LEADER | |
|---|---|
| fixed length control field | 00376cam a2200157ua 4500 |
| 008 - FIXED-LENGTH DATA ELEMENTS--GENERAL INFORMATION | |
| fixed length control field | 160719n II |||gr||||Z||||||eng |
| 040 ## - CATALOGING SOURCE | |
| Original cataloging agency | MAIN |
| 041 ## - LANGUAGE CODE | |
| -- | English |
| 082 ## - DEWEY DECIMAL CLASSIFICATION NUMBER | |
| Classification number | 823 KIP |
| 100 ## - MAIN ENTRY--PERSONAL NAME | |
| Personal name | KIPLING , RUDYARD., |
| Relator term | AUTHOR., |
| 245 ## - TITLE STATEMENT | |
| Title | THE JUNGLE BOOK |
| 260 ## - PUBLICATION, DISTRIBUTION, ETC. | |
| Place of publication, distribution, etc. | [s.l]: |
| Name of publisher, distributor, etc. | MACMILLAN LONDON LIMITED, |
| Date of publication, distribution, etc. | 1972. |
| 942 ## - ADDED ENTRY ELEMENTS (KOHA) | |
| Koha item type | Books |
| 653 ## - INDEX TERM--UNCONTROLLED | |
| Uncontrolled term | English fiction |
| Withdrawn status | Lost status | Damaged status | Not for loan | Collection code | Home library | Current library | Shelving location | Date acquired | Full call number | Barcode | Date last seen | Copy number | Price effective from | Koha item type | Public note |
|---|---|---|---|---|---|---|---|---|---|---|---|---|---|---|---|
| TBENG | Central Library and Information Centre Sibsagar Girls College | Central Library and Information Centre Sibsagar Girls College | ENGLISH BOOK RACK | 21.04.1972 | 823 KIP | 03448 | 27.02.2020 | 1 | 27.02.2020 | Books | V | ||||
| TBENG | Central Library and Information Centre Sibsagar Girls College | Central Library and Information Centre Sibsagar Girls College | ENGLISH BOOK RACK | 21.04.1972 | 823 KIP | 03449 | 27.02.2020 | 2 | 27.02.2020 | Books | V | ||||
| TBENG | Central Library and Information Centre Sibsagar Girls College | Central Library and Information Centre Sibsagar Girls College | ENGLISH BOOK RACK | 21.04.1972 | 823 KIP | 03450 | 27.02.2020 | 3 | 27.02.2020 | Books | V |